00872nam a2200265 a 4500001001300000003000900013005001700022008004100039020002300080082002000103100001900123245005700142260003200199300000900231500003500240505004800275650003300323650003300356650003300389700001900422902000800441942000700449952013300456999001700589nice12345678IN_TiNIC20260116014657.0111101s2010 dela grp 000 0 eng  a9780670083794c49900a324.245408bROY aRoy, Arundhati aListening to Grasshoppersb Field Notes on Democracy aDelhibPenguin Books c2010 a252p aincludes index and biblioraphy2 aappendix, endnotes, acknowledgements, index aReligious Fundamentalism-Bjp aReligious Fundamentalism-Bjp aReligious Fundamentalism-Bjp1 aRoy, Arundhati bSRC cBK 001040708StackRoom-aHMIbHMId2012-12-13g499.00l2o324.245408 ROYp022886r2017-09-18s2017-08-23v499.00w2011-11-01yBK c16436d16436